Technologie a aparáty mokrých vápno-vápencových procesů odsiřování spalin /

Hlavní autor: Vejvoda, Josef, 1935 únor 2.-
Další autoři: Hubená, Jarmila
Jazyk: Čeština
Vydáno: Praha : Ústav pro výzkum a využití paliv, 1988
Edice: Monografie ÚVP
Fyzický popis: 98 s.
Knihy
Uloženo v:
LEADER 00768nam a22002172a 4500
001 000213397
003 CZ BrMZK
005 19970103143423.0
008 970103s1988 xr f cze d
040 |a BOA001  |b cze 
080 |a 662.613  |2 MRF 
100 1 |a Vejvoda, Josef,  |d 1935 únor 2.-  |7 ola2004262604 
245 1 0 |a Technologie a aparáty mokrých vápno-vápencových procesů odsiřování spalin /  |c Josef Vejvoda, Jarmila Hubená. 
260 |a Praha :  |b Ústav pro výzkum a využití paliv,  |c 1988 
300 |a 98 s. 
490 1 |a Monografie ÚVP ;  |v č. 72 
700 1 |a Hubená, Jarmila 
830 0 |a Monografie ÚVP 
910 |a BOA001  |b TK-0239.605 
990 |a BK 
996 7 |b 2629994920  |c TK-0239.605  |l MZK  |r Sklad / do 24 hodin  |n 13  |w 000213397  |u 000010  |a 1  |e BOA001  |j MZK50  |s A